000 00638cam a2200229 i 4500
001 4662809
005 20180315091713.0
008 800520s1980 nyu b 000 0deng
010 _a 80017082
020 _a0231037171
040 _aDLC
_cDLC
_dDLC
041 _aeng
043 _ae------
080 _a803 BED
082 0 0 _a803 BED
100 _a25
101 _aEDU
245 0 0 _aColumbia dictionary of modern European literature /
_cJean-Albert Bédé and William B. Edgerton, general editors.
504 _aIncludes bibliographical references.
906 _a7
_bcbc
_corignew
_du
_eocip
_f19
_gy-gencatlg
942 _2ddc
_cBK
999 _c45163
_d45163